Представление документа в формате MARC21

Поле Инд. ПП Название Значение
Тип записи a
Библиографический уровень b
001 Контрольный номер RU/IS/BASE/235050025
005 Дата корректировки 20200522191126.2
040 b Код языка каталог. rus
e Правила каталог. PSBO
041 0_ a Код языка текста rus
084 a Индекс другой классификации/Индекс ББК 83.3(0)321
100 1_ a Автор Мостовая В. Г.
245 10 a Заглавие Функция сравнений в речи персонажей "Илиады"
504 a Библиография Библиогр. - Примеч.: с. 103 - 104
600 14 a Персоналии Гомер
650 04 a Основная рубрика история литературы
a Основная рубрика литературоведение
a Основная рубрика филологические науки
653 0_ a Ключевые слова "Илиада"
a Ключевые слова античная литература
a Ключевые слова древнегреческая литература
a Ключевые слова древнегреческий эпос
a Ключевые слова древний мир
a Ключевые слова Древняя Греция
a Ключевые слова персонажи
a Ключевые слова поэмы
a Ключевые слова речь персонажа
a Ключевые слова сравнения
773 0_ t Заглавие источника Вестник Московского университета. Серия 9, Филология
d Дата издания источника 2007
g Прочая информация № 1. - С. 95 - 104
w Контрольный № источника RU/IS/BASE/229700507
901 t Тип документа b